Bismarck, the story of a fighter, (Record no. 553288)

000 -LEADER
fixed length control field 00601cam a22001691 4500
082 ## - DEWEY DECIMAL CLASSIFICATION NUMBER
Classification number 923.243
Author Mark LUD
100 1# - MAIN ENTRY--PERSONAL NAME
Personal name Ludwig, Emil,
9 (RLIN) 50542
245 00 - TITLE STATEMENT
Title Bismarck, the story of a fighter,
Statement of responsibility, etc. by Emil Ludwig, translated from the German by Eden and Cedar Paul.
260 ## - PUBLICATION, DISTRIBUTION, ETC.
Place of publication, distribution, etc. LONDON
Name of publisher, distributor, etc. GEORGE ALLEN & UNWIN LTD.
Date of publication, distribution, etc. 1929.
300 ## - PHYSICAL DESCRIPTION
Extent xvi, 661 p.
Other physical details front., ports., facsim.
Dimensions 24 cm.
500 ## - GENERAL NOTE
General note "Published October, 1927 ... reprinted November, 1929."
526 ## - STUDY PROGRAM INFORMATION NOTE
Program name 0
Interest level 0
Reading level 0
Title point value 923_243000000000000_LUD
650 ## - SUBJECT ADDED ENTRY--TOPICAL TERM
Topical term or geographic name entry element MCE
9 (RLIN) 379
700 1# - ADDED ENTRY--PERSONAL NAME
Personal name Paul, Cedar,
9 (RLIN) 46305
700 1# - ADDED ENTRY--PERSONAL NAME
Personal name Paul, Eden,
9 (RLIN) 46306
942 ## - ADDED ENTRY ELEMENTS (KOHA)
Source of classification or shelving scheme
Koha item type Book
Holdings
Withdrawn status Lost status Source of classification or shelving scheme Damaged status Not for loan Permanent Location Current Location Shelving location Date acquired Total Checkouts Full call number Barcode Date last seen Price effective from Koha item type
          Military College of Engineering (MCE) Military College of Engineering (MCE)   02/03/2015   923.243 LUD MCE-ECB/15 02/03/2015 02/03/2015 Book
© 2023 Central Library, National University of Sciences and Technology. All Rights Reserved.